<?xml version="1.0" encoding="UTF-8"?>
<record
    xmlns:xsi="http://www.w3.org/2001/XMLSchema-instance"
    xsi:schemaLocation="http://www.loc.gov/MARC21/slim http://www.loc.gov/standards/marcxml/schema/MARC21slim.xsd"
    xmlns="http://www.loc.gov/MARC21/slim">

  <leader>01344nam a2200313 i 4500</leader>
  <controlfield tag="001">179154</controlfield>
  <controlfield tag="003">ES-MaACL</controlfield>
  <controlfield tag="005">20260309102517.0</controlfield>
  <controlfield tag="008">110920s2009    sp acfo      |||| |cspa d</controlfield>
  <datafield tag="017" ind1=" " ind2=" ">
    <subfield code="a">VG 1253-2009</subfield>
    <subfield code="b">Oficina Dep&#xF3;sito Legal Vigo</subfield>
  </datafield>
  <datafield tag="020" ind1=" " ind2=" ">
    <subfield code="a">9788495364944</subfield>
  </datafield>
  <datafield tag="040" ind1=" " ind2=" ">
    <subfield code="c">ES-MaACL</subfield>
  </datafield>
  <datafield tag="080" ind1=" " ind2=" ">
    <subfield code="a">929 Capdevielle San Mart&#xED;n, Juana</subfield>
  </datafield>
  <datafield tag="080" ind1=" " ind2=" ">
    <subfield code="a">929 P&#xE9;rez Carballo, Francisco</subfield>
  </datafield>
  <datafield tag="080" ind1=" " ind2=" ">
    <subfield code="a">323.28(460.111)"1936/39"</subfield>
  </datafield>
  <datafield tag="100" ind1="1" ind2=" ">
    <subfield code="a">Torres, Rafael, </subfield>
    <subfield code="9">176043</subfield>
    <subfield code="e">aut</subfield>
    <subfield code="d">1955-</subfield>
  </datafield>
  <datafield tag="245" ind1="1" ind2="0">
    <subfield code="a">Nuestra Se&#xF1;ora de la Cuneta : </subfield>
    <subfield code="b">vida y muerte de la intelectual republicana Juana Capdevielle y de su amor, Francisco P&#xE9;rez Carballo, gobernador civil de La Coru&#xF1;a / </subfield>
    <subfield code="c">Rafael Torres.</subfield>
  </datafield>
  <datafield tag="260" ind1=" " ind2=" ">
    <subfield code="a">Vigo (Pontevedra) : </subfield>
    <subfield code="b">Nigra Trea, </subfield>
    <subfield code="c">[2009].</subfield>
  </datafield>
  <datafield tag="300" ind1=" " ind2=" ">
    <subfield code="a">122 p&#xE1;ginas, XVI, XVI p&#xE1;ginas de l&#xE1;minas : </subfield>
    <subfield code="b">ilustraciones ; </subfield>
    <subfield code="c">21 cm.</subfield>
  </datafield>
  <datafield tag="490" ind1="1" ind2=" ">
    <subfield code="a">Porta de papel</subfield>
  </datafield>
  <datafield tag="600" ind1="1" ind2="7">
    <subfield code="a">Capdevielle San Mart&#xED;n, Juana,</subfield>
    <subfield code="d">1902-1936</subfield>
    <subfield code="2">embne</subfield>
    <subfield code="9">147972</subfield>
  </datafield>
  <datafield tag="600" ind1=" " ind2="0">
    <subfield code="a">P&#xE9;rez Carballo, Francisco, </subfield>
    <subfield code="d">1911-1936</subfield>
    <subfield code="9">237174</subfield>
  </datafield>
  <datafield tag="650" ind1=" " ind2="7">
    <subfield code="a">Represi&#xF3;n pol&#xED;tica-</subfield>
    <subfield code="z">Galicia-</subfield>
    <subfield code="y">1936-1939.</subfield>
    <subfield code="9">151464</subfield>
  </datafield>
  <datafield tag="830" ind1="0" ind2=" ">
    <subfield code="a">Porta de papel</subfield>
    <subfield code="9">224413</subfield>
  </datafield>
  <datafield tag="852" ind1=" " ind2=" ">
    <subfield code="a">ES-MaACL</subfield>
    <subfield code="c">DEPOJ</subfield>
    <subfield code="j">N-10284</subfield>
    <subfield code="9">204544</subfield>
    <subfield code="x">Encuadernaci&#xF3;n r&#xFA;stica con solapas</subfield>
  </datafield>
  <datafield tag="942" ind1=" " ind2=" ">
    <subfield code="c">MONOGRAFIA</subfield>
    <subfield code="n">0</subfield>
  </datafield>
  <datafield tag="999" ind1=" " ind2=" ">
    <subfield code="c">179154</subfield>
    <subfield code="d">179154</subfield>
  </datafield>
  <datafield tag="952" ind1=" " ind2=" ">
    <subfield code="0">0</subfield>
    <subfield code="1">0</subfield>
    <subfield code="2">udc</subfield>
    <subfield code="4">0</subfield>
    <subfield code="7">0</subfield>
    <subfield code="a">ATENEOM</subfield>
    <subfield code="b">ATENEOM</subfield>
    <subfield code="c">DEPOJ</subfield>
    <subfield code="d">2025-01-14</subfield>
    <subfield code="e">DONACION</subfield>
    <subfield code="l">0</subfield>
    <subfield code="o">N-10284</subfield>
    <subfield code="p">101229359</subfield>
    <subfield code="r">2025-01-15 00:00:00</subfield>
    <subfield code="w">2025-01-15</subfield>
    <subfield code="y">MONOGRAFIA</subfield>
  </datafield>
</record>
